The Basics of Auditing (Record no. 3675)

MARC details
005 - DATE AND TIME OF LATEST TRANSACTION
control field 20250611043520.0
020 ## - INTERNATIONAL STANDARD BOOK NUMBER
International Standard Book Number 9987-617-41-7
082 ## - DEWEY DECIMAL CLASSIFICATION NUMBER
Classification number 657.45 MWI
100 ## - MAIN ENTRY--PERSONAL NAME
Author name M.A. Mwisho
245 ## - TITLE STATEMENT
Title The Basics of Auditing
260 ## - PUBLICATION, DISTRIBUTION, ETC.
Name of publisher, distributor, etc. Research and Publications Department
Date of publication, distribution, etc. 2004
300 ## - PHYSICAL DESCRIPTION
Extent viii,171p.:ill.;figures
Other physical details References
Dimensions 20cm
942 ## - ADDED ENTRY ELEMENTS (KOHA)
Source of classification or shelving scheme Dewey Decimal Classification
Koha item type Books
Holdings
Date last seen Total checkouts Full call number Barcode Cost, replacement price Price effective from Koha item type Lost status Source of classification or shelving scheme Damaged status Not for loan Withdrawn status Home library Current library Shelving location Date acquired Source of acquisition Cost, normal purchase price
06/11/2025   657.45 MWI MZA000738 120000.00 06/11/2025 Books   Dewey Decimal Classification       CBE Mwanza CBE Mwanza General Collection 01/05/2025 Donation from TLSB 40000.00